<?xml version="1.0" encoding="UTF-8"?>
<record
    xmlns:xsi="http://www.w3.org/2001/XMLSchema-instance"
    xsi:schemaLocation="http://www.loc.gov/MARC21/slim http://www.loc.gov/standards/marcxml/schema/MARC21slim.xsd"
    xmlns="http://www.loc.gov/MARC21/slim">

  <leader>00932    a2200205   4500</leader>
  <controlfield tag="003">Nust</controlfield>
  <controlfield tag="005">20230128133039.0</controlfield>
  <datafield tag="010" ind1=" " ind2=" ">
    <subfield code="a"> 76932371</subfield>
  </datafield>
  <datafield tag="040" ind1=" " ind2=" ">
    <subfield code="c">Nust</subfield>
  </datafield>
  <datafield tag="082" ind1=" " ind2=" ">
    <subfield code="a">922,AHM</subfield>
  </datafield>
  <datafield tag="100" ind1=" " ind2=" ">
    <subfield code="a">Jamil Ahmad, Khwaja</subfield>
    <subfield code="9">108001</subfield>
  </datafield>
  <datafield tag="245" ind1=" " ind2=" ">
    <subfield code="a">Hundred great Muslims /</subfield>
    <subfield code="c">Jamil Ahmad</subfield>
  </datafield>
  <datafield tag="250" ind1=" " ind2=" ">
    <subfield code="a">1st ed</subfield>
  </datafield>
  <datafield tag="260" ind1=" " ind2=" ">
    <subfield code="a">Lahore,</subfield>
    <subfield code="b">Ferozsons</subfield>
    <subfield code="c">1971</subfield>
  </datafield>
  <datafield tag="300" ind1=" " ind2=" ">
    <subfield code="a">xvii, 573 p</subfield>
    <subfield code="b">23 cm</subfield>
  </datafield>
  <datafield tag="505" ind1=" " ind2=" ">
    <subfield code="a">Hazrat Muhammad The Prophet of Islam (Page-3), Great Leaders (Page-12), Great Women (Page-67), Religious Teachers (Page-81), Sufis and Saints (Page-119), Thinkers and Scientists (Page-141), Poets and writes (Page-197), Artist and Musicians (Page-263), Reformers, Revolutionaries and Patriots (Page-291) ,Rules, Statesman and Administrators (Page-359), Soldiers, General and Conquerors (Page-431), Historians, Geographers and Explorers (Page-489).</subfield>
  </datafield>
  <datafield tag="600" ind1=" " ind2=" ">
    <subfield code="a">Jamil Ahmad, Khwaja</subfield>
    <subfield code="9">108001</subfield>
  </datafield>
  <datafield tag="650" ind1=" " ind2=" ">
    <subfield code="a">Biography</subfield>
    <subfield code="9">461</subfield>
  </datafield>
  <datafield tag="942" ind1=" " ind2=" ">
    <subfield code="2">ddc</subfield>
    <subfield code="c">BK</subfield>
  </datafield>
  <datafield tag="999" ind1=" " ind2=" ">
    <subfield code="c">186939</subfield>
    <subfield code="d">186939</subfield>
  </datafield>
  <datafield tag="952" ind1=" " ind2=" ">
    <subfield code="0">0</subfield>
    <subfield code="1">0</subfield>
    <subfield code="2">ddc</subfield>
    <subfield code="4">0</subfield>
    <subfield code="7">0</subfield>
    <subfield code="a">MCS</subfield>
    <subfield code="b">MCS</subfield>
    <subfield code="c">GEN</subfield>
    <subfield code="d">2016-12-12</subfield>
    <subfield code="j">4</subfield>
    <subfield code="l">1</subfield>
    <subfield code="o">922,AHM</subfield>
    <subfield code="p">MCS1986</subfield>
    <subfield code="r">2026-04-14</subfield>
    <subfield code="s">2026-01-20</subfield>
    <subfield code="w">2016-12-12</subfield>
    <subfield code="y">BK</subfield>
    <subfield code="z">Almirah No.59, Shelf No.2</subfield>
  </datafield>
</record>
